| 000 | 00907nmc a2200325 a 4500 | ||
|---|---|---|---|
| 003 | AR-BaBNM | ||
| 005 | 20251128205514.0 | ||
| 008 | 147119s1996 ||||||||||||||000 | spa|| | ||
| 020 | _a84-277-1101-8 | ||
| 040 | _cAR-BaBNM | ||
| 100 | 1 | _aAlonso, Juan Antonio | |
| 245 | 1 | 0 |
_aSuperdotados _badaptación escolar y social en secundaria |
| 260 |
_aMadrid _bNarcea _c1996 |
||
| 300 |
_a285 p. _bdiagr., il. |
||
| 490 | 0 | _aSecundaria para todos | |
| 504 | _aBibliografía: p. 281-285 | ||
| 650 | 4 | _aEDUCACION ESPECIAL | |
| 650 | 4 | _aINTELIGENCIA | |
| 650 | 4 | _aPRUEBAS DE INTELIGENCIA | |
| 650 | 4 | _aEVALUACION DEL ALUMNO | |
| 650 | 4 | _aCOGNICION | |
| 650 | 4 | _aAPRENDIZAJE | |
| 650 | 4 | _aAGRUPAMIENTO POR APTITUDES | |
| 653 | _aEDUCACION SECUNDARIA | ||
| 653 | _aNINOS TALENTOSOS | ||
| 700 | 1 | _aBenito, Yolanda | |
| 700 | 1 |
_aRenzulli, Joseph S. _eprologuista |
|
| 942 | _cBK | ||
| 998 | _cSILVI | ||
| 999 |
_c11671 _d11671 |
||